000 00607nam a2200229Ia 4500
003 OSt
005 20220923230705.0
006 a|||||r|||| 00| 0
007 ta
008 Pun
024 _a304,792
037 _cTextual
040 _aARTS
_cARTS
_bPun
041 _2Pun
_aPun
082 _aV236M72:51, 153H4.1
100 _aਸਿੰਘ, ਰੀਡਾ
245 0 _aਕੂਕਿਆਂ ਦੀ ਵਿਥਿਆ
260 _c1944
650 _aਭਾਰਤੀਯ ਇਤਿਹਾਸ
942 _hV236M72:51, 153H4.1
_cTEXL
_2CC
999 _c386599
_d386599